Football: Vainqueurs de la ligue des champions de la CAF - Statistiques

Statistiques générales
  • Ce quiz a été pris 108 fois
    17 depuis la dernière actualisation
  • Le résultat moyen est 8 sur 27
Statistiques - réponses
Réponse % Correct
Raja AC
80%
Wydad AC
80%
TP Mazembe
60%
ES Tunis
53%
Zamalek SC
53%
Al Ahly SC
40%
MC Alger
40%
Club Africain
33%
Mamelodi Sundows
33%
Pyramids FC
33%
AS FAR
27%
JS Kabylie
27%
Orlando Pirates
27%
ASEC Mimosas
20%
Canon Yaoundé
20%
ES Setif
20%
Asante Kotoko
13%
AS Vita Club
13%
Enyimba FC
13%
Hafia FC
13%
Ismaily SC
13%
Stade d'Abidjan
13%
CARA Brazaville
7%
ES Sahel
7%
Hearts of Oak
7%
Oryx Douala
7%
Union Douala
7%
Aucun quiz correspondant
Distribution des résultats
% des personnes avec chaque résultat
Percentile par nombre de réponses
Votre historique - résultats
Vous n’avez pas pris ce quiz depuis la dernière actualisation